000 00913nam a22003017a 4500
003 CHAP
005 20220329134610.0
008 971013s1970 r 00010 d
010 _a22825
011 _a23797
035 _a27894
040 _cCHAP
082 _a323.3
_bD8Y
100 0 0 _aDumont, Louis.
_934454
245 _aHomo hierarchicus; ensayo sobre el sistema de castas
260 _aMadrid :
_bAguilar,
_c1970
300 _a429 p.
_b: láms.
590 _aBATCH-UPD
_b10
_c20130110
_lUCH01
_h0020
590 _aBATCH-UPD
_b10
_c20130110
_lUCH01
_h2238
590 _aBATCH-UPD
_b10
_c20130409
_lUCH01
_h2000
590 _aBATCH-UPD
_b10
_c20130914
_lUCH01
_h0856
590 _aCONVERSION
_b10
_c20130109
_lUCH01
_h1313
650 1 4 _aCastas
_xIndia.
_919978
650 1 4 _aFilosofía hindú.
_940904
901 _aBK
942 _cLIBRO
949 _a323.3 D8Y
_bBC
_cLIBRO
_d33724000298337
_eLIBRO
_h41291
_i27894
_si
999 _c22825
_d22825